[Event "World Rapid 2017"]
[Site "Riyadh KSA"]
[Date "2017.12.27"]
[Round "6.3"]
[White "Kuzubov, Yuriy"]
[Black "Grischuk, Alexander"]
[Result "1-0"]
[WhiteTitle "GM"]
[BlackTitle "GM"]
[WhiteElo "2699"]
[BlackElo "2772"]
[WhiteFideId "14112906"]
[BlackFideId "4126025"]
[EventDate "2017.12.26"]

1. e4 c5 2. Nf3 e6 3. g3 Nc6 4. Bg2 Nf6 5. d3 d5 6. Nbd2 Be7 7. O-O O-O 8. Re1
b5 9. e5 Nd7 10. Nf1 Bb7 11. h4 Qc7 12. Bf4 Rfc8 13. Ne3 Qd8 14. Ng4 Bf8 15. Bg5
Qe8 16. c3 h6 17. Bf4 a5 18. Qd2 b4 19. c4 Ne7 20. h5 Nf5 21. Ne3 Nxe3 22. Qxe3
dxc4 23. dxc4 Rd8 24. g4 Nb6 25. Rac1 Qd7 26. g5 Qd3 27. gxh6 Qxe3 28. Bxe3 gxh6
29. Nh2 Bxg2 30. Kxg2 Kh7 31. Ng4 Bg7 32. Kf3 Nd7 33. Bf4 Nb6 34. Rg1 a4 35. Be3
Nd7 36. Ke4 b3 37. axb3 axb3 38. Rgd1 Rac8 39. Rd3 f5+ 40. exf6 Nxf6+ 41. Nxf6+
Bxf6 42. Rxb3 Rb8 43. Rxb8 Rxb8 44. Bxc5 Rxb2 45. Bd4 Bxd4 46. Kxd4 Kg7 47. c5
Rd2+ 48. Ke5 Re2+ 49. Kd6 Kf6 50. c6 Rd2+ 51. Kc7 Ke7 52. Rg1 Rxf2 53. Rg7+ Kf8
54. Rh7 e5 55. Kd6 Rd2+ 56. Kxe5 Ke8 57. Rxh6 Ke7 58. Rh7+ Kd8 59. Rd7+ 1-0

[Event "World Rapid 2017"]
[Site "Riyadh KSA"]
[Date "2017.12.27"]
[Round "6.5"]
[White "Fressinet, Laurent"]
[Black "Rapport, Richard"]
[Result "1/2-1/2"]
[WhiteTitle "GM"]
[BlackTitle "GM"]
[WhiteElo "2662"]
[BlackElo "2707"]
[WhiteFideId "608742"]
[BlackFideId "738590"]
[EventDate "2017.12.26"]

1. e4 c5 2. Nf3 e6 3. d4 cxd4 4. Nxd4 Nc6 5. Nc3 Qc7 6. Be2 a6 7. O-O Nf6 8. Be3
Bb4 9. Na4 Be7 10. c4 Nxe4 11. c5 O-O 12. Rc1 Rb8 13. g3 Bg5 14. f4 Bh6 15. Bf3
f5 16. Bxe4 fxe4 17. Nxc6 bxc6 18. Qd6 Qxd6 19. cxd6 e5 20. Rc4 a5 21. Rxe4 Ba6
22. Re1 exf4 23. Bxf4 Bd3 24. Rd4 Bxf4 25. gxf4 Bf5 26. Re5 Rb5 27. Rc5 g5 28.
Rxb5 cxb5 29. Nc3 b4 30. Nd5 Kf7 31. fxg5 Ke6 32. Ne3 Bb1 33. a3 bxa3 34. bxa3
Rf3 35. Nc4 a4 36. Nd2 Rxa3 37. Nxb1 Ra1 38. Kf2 Rxb1 39. Rxa4 Rb5 40. h4 Kf5
41. Ra7 Rb4 42. Rxd7 Rxh4 43. Rg7 Rd4 44. d7 Kf4 45. Rxh7 Kxg5 46. Ke3 Rd1 47.
Ke4 Kg6 1/2-1/2

[Event "World Rapid 2017"]
[Site "Riyadh KSA"]
[Date "2017.12.27"]
[Round "6.6"]
[White "Svidler, Peter"]
[Black "Cheparinov, Ivan"]
[Result "1/2-1/2"]
[WhiteTitle "GM"]
[BlackTitle "GM"]
[WhiteElo "2765"]
[BlackElo "2710"]
[WhiteFideId "4102142"]
[BlackFideId "2905540"]
[EventDate "2017.12.26"]

1. c4 e6 2. g3 d5 3. Bg2 Nf6 4. Nf3 dxc4 5. Qa4+ Nbd7 6. Qxc4 a6 7. Qc2 c5 8. a4
b6 9. Nc3 Bb7 10. O-O Be7 11. d4 Rc8 12. e4 cxd4 13. Nxd4 O-O 14. Rd1 Qc7 15.
Qe2 Nc5 16. e5 Nfd7 17. Bxb7 Qxb7 18. h4 Rfd8 19. Bf4 Nf8 20. h5 h6 21. Rab1 a5
22. Ndb5 Nh7 23. Nd6 Bxd6 24. exd6 Ng5 25. Bxg5 hxg5 26. b4 axb4 27. Rxb4 Qc6
28. Rbd4 Nb3 29. R4d3 Nc5 30. Rd4 Nb3 1/2-1/2

[Event "World Rapid 2017"]
[Site "Riyadh KSA"]
[Date "2017.12.27"]
[Round "6.7"]
[White "Wang, Yue"]
[Black "Kravtsiv, Martyn"]
[Result "1-0"]
[WhiteTitle "GM"]
[BlackTitle "GM"]
[WhiteElo "2690"]
[BlackElo "2672"]
[WhiteFideId "8601429"]
[BlackFideId "14113147"]
[EventDate "2017.12.26"]

1. d4 Nf6 2. c4 e6 3. Nf3 d5 4. g3 Bb4+ 5. Bd2 Be7 6. Bg2 O-O 7. O-O c6 8. Qc2
Nbd7 9. a4 a5 10. Rc1 b6 11. cxd5 cxd5 12. Na3 Ba6 13. Nb5 Rc8 14. Qb3 Ne4 15.
Bf4 Bb4 16. Rxc8 Qxc8 17. Rc1 Qd8 18. h4 h6 19. Bf1 Qe7 20. Rc7 Bxb5 21. axb5
Bd6 22. Bxd6 Qxd6 23. Qc2 Rd8 24. Qc6 Qxc6 25. bxc6 Nb8 26. Ne5 f6 27. Ng6 Re8
28. Ne7+ Kf8 29. Ra7 Nd6 30. c7 Nd7 31. c8=Q Nxc8 32. Nxc8 Rxc8 33. Rxd7 Rc2 34.
b4 axb4 35. Rd6 b3 36. Rxb6 b2 37. e3 Ke7 38. Bd3 Rd2 39. Bh7 Kd7 40. Kg2 g5 41.
hxg5 hxg5 42. g4 e5 43. Rxf6 exd4 44. exd4 Kc7 45. Rf5 Rxd4 46. Rxg5 Rd1 47. Rh5
Kd6 48. Rh1 Rc1 49. g5 Ke5 50. Bb1 d4 51. Rf1 Kf4 52. g6 Rc7 53. Rd1 Rc1 54. Rg1
Rc7 55. Kh3 Rc1 56. Kh2 d3 57. Bxd3 Rc5 58. g7 Kf3 59. Rg3+ Kxf2 60. g8=Q 1-0

[Event "World Rapid 2017"]
[Site "Riyadh KSA"]
[Date "2017.12.27"]
[Round "6.9"]
[White "Onischuk, Vladimir"]
[Black "Alekseev, Evgeny"]
[Result "1-0"]
[WhiteTitle "GM"]
[BlackTitle "GM"]
[WhiteElo "2637"]
[BlackElo "2616"]
[WhiteFideId "14114038"]
[BlackFideId "4138147"]
[EventDate "2017.12.26"]

1. Nf3 c5 2. g3 Nc6 3. Bg2 g6 4. d4 cxd4 5. Nxd4 Bg7 6. Nb3 d6 7. Nc3 Nf6 8. h3
O-O 9. e4 a5 10. a4 Nb4 11. O-O Be6 12. Nd4 Bc4 13. Re1 Rc8 14. Be3 Nd7 15. Qd2
Nb6 16. b3 Ba6 17. Rac1 d5 18. Ndb5 Rxc3 19. Nxc3 d4 20. Rcd1 e5 21. Nb5 Bxb5
22. axb5 Qc7 23. c3 dxe3 24. fxe3 Na2 25. Qxa2 Qxc3 26. Bf1 Bh6 27. Kf2 Qb4 28.
Qd2 Qxe4 29. Qd3 Qb4 30. Qd6 Nc8 31. Qxb4 axb4 32. Rd7 Nb6 33. Rxb7 Nd5 34. Bc4
Nc3 35. b6 Bg5 36. Rxf7 1-0

[Event "World Rapid 2017"]
[Site "Riyadh KSA"]
[Date "2017.12.27"]
[Round "6.11"]
[White "Ni, Hua"]
[Black "McShane, Luke J"]
[Result "0-1"]
[WhiteTitle "GM"]
[BlackTitle "GM"]
[WhiteElo "2671"]
[BlackElo "2640"]
[WhiteFideId "8601160"]
[BlackFideId "404853"]
[EventDate "2017.12.26"]

1. e4 e5 2. Nf3 Nc6 3. Bb5 a6 4. Ba4 d6 5. c3 Bd7 6. O-O g6 7. d4 Bg7 8. Re1
Nge7 9. d5 Nb8 10. Bxd7+ Nxd7 11. Be3 h6 12. Nfd2 f5 13. f3 f4 14. Bf2 g5 15. c4
h5 16. Nc3 Bf6 17. b4 Rg8 18. h3 Kf7 19. c5 Rg6 20. Nc4 Bg7 21. b5 Nxc5 22. Bxc5
dxc5 23. Qb3 Kf8 24. bxa6 Rgxa6 25. Qxb7 g4 26. hxg4 hxg4 27. fxg4 Qd7 28. d6
Ng6 29. Qxc7 Qxg4 30. d7 Bf6 31. Nd6 Bd8 32. Qb7 f3 33. Qb2 Rxd6 34. Rf1 Nh4 35.
Rf2 Nxg2 36. Rxf3+ Nf4+ 0-1

[Event "World Rapid 2017"]
[Site "Riyadh KSA"]
[Date "2017.12.27"]
[Round "6.12"]
[White "Fedorchuk, Sergey A."]
[Black "Quparadze, Giga"]
[Result "1/2-1/2"]
[WhiteTitle "GM"]
[BlackTitle "GM"]
[WhiteElo "2648"]
[BlackElo "2506"]
[WhiteFideId "14102536"]
[BlackFideId "13602250"]
[EventDate "2017.12.26"]

1. e4 c5 2. Nf3 e6 3. d4 cxd4 4. Nxd4 a6 5. Be2 Nf6 6. Nc3 Bb4 7. Qd3 O-O 8. O-O
d6 9. Nb3 Nbd7 10. a3 Bxc3 11. bxc3 Ne5 12. Qd4 Nc6 13. Qe3 e5 14. Rd1 Be6 15.
Nc5 Qc7 16. Nxe6 fxe6 17. Rb1 d5 18. Bf3 Rad8 19. exd5 exd5 20. Qb6 Qd6 21. Be3
e4 22. Be2 Rf7 23. Qc5 Qxc5 24. Bxc5 Rc8 25. a4 Nd8 26. Bd4 Ne6 27. Be5 Rc6 28.
h3 Re7 29. Rb4 Kf7 30. a5 Nc7 31. Bxf6 Kxf6 32. c4 dxc4 33. Bxc4 g6 34. Rd8 e3
35. fxe3 Rxe3 36. Rf8+ Kg5 37. Bd3 Ne6 38. Rf7 h5 39. Rfxb7 Nc5 40. h4+ Kh6 41.
R4b6 Rxb6 42. Rxb6 Nxd3 43. cxd3 Rxd3 44. Rxa6 Rd4 45. g3 Rd2 46. Ra7 Ra2 47.
Kf1 Ra1+ 48. Kf2 Ra2+ 49. Kf3 Ra4 50. Ra8 Kg7 51. a6 Kh7 52. Ke3 Kg7 53. Kd3 g5
54. hxg5 Rg4 55. Rc8 Rxg3+ 56. Kc4 Ra3 57. Kb5 Kg6 58. Rg8+ Kh7 59. Rc8 Kg6 60.
Rg8+ Kh7 61. Rd8 Kg6 62. Rd4 Kxg5 63. Ra4 Rb3+ 64. Kc6 Rb8 65. a7 Ra8 66. Kb7
Rf8 67. a8=Q Rxa8 68. Rxa8 h4 69. Kc6 h3 70. Kd5 Kf4 71. Ra3 Kg4 72. Ke4 h2 73.
Ra1 Kg3 74. Ke3 Kg2 75. Ra2+ Kg3 76. Ra1 Kg2 77. Ra2+ 1/2-1/2

[Event "World Rapid 2017"]
[Site "Riyadh KSA"]
[Date "2017.12.27"]
[Round "6.13"]
[White "Bosiocic, Marin"]
[Black "Safarli, Eltaj"]
[Result "0-1"]
[WhiteTitle "GM"]
[BlackTitle "GM"]
[WhiteElo "2624"]
[BlackElo "2639"]
[WhiteFideId "14507927"]
[BlackFideId "13402129"]
[EventDate "2017.12.26"]

1. d4 Nf6 2. c4 e6 3. Nf3 d5 4. g3 Be7 5. Bg2 O-O 6. O-O dxc4 7. Qc2 a6 8. a4
Bd7 9. Qxc4 Bc6 10. Bg5 Bd5 11. Qc2 Be4 12. Qd1 c5 13. dxc5 Bxc5 14. Nc3 Bc6 15.
Ne5 Bxg2 16. Kxg2 h6 17. Bf4 Nbd7 18. Nxd7 Qxd7 19. Qxd7 Nxd7 20. Rfd1 Nf6 21.
Rd3 Rfd8 22. Rad1 Rxd3 23. Rxd3 Rc8 24. Be5 Ng4 25. Bd4 Bxd4 26. Rxd4 Ne5 27.
Rb4 Rc7 28. f3 Nc4 29. Nd1 a5 30. Rb5 Rd7 31. Nc3 Rd2 32. Rxb7 Nxb2 33. Rb8+ Kh7
34. Kf2 Rc2 35. Ne4 f5 36. Nd6 Nxa4 37. Ra8 Nc3 38. Rxa5 Rxe2+ 39. Kg1 Re1+ 40.
Kf2 Re2+ 41. Kg1 Nd1 42. Ra7 Ne3 43. Ne8 Kg8 44. Nxg7 Rg2+ 45. Kh1 Rf2 46. h4
Rf1+ 47. Kh2 Rf2+ 48. Kh1 Rxf3 49. Nh5 Rf1+ 50. Kh2 Ng4+ 51. Kg2 Rf2+ 52. Kg1
Rb2 53. Nf4 e5 54. Ng6 Rb1+ 55. Kg2 Rb2+ 56. Kg1 e4 57. Ne7+ Kf7 58. Nxf5+ Kf6
59. Ra5 e3 60. Kf1 Rf2+ 61. Ke1 Rxf5 62. Ra6+ Ke5 0-1

[Event "World Rapid 2017"]
[Site "Riyadh KSA"]
[Date "2017.12.27"]
[Round "6.14"]
[White "Bu, Xiangzhi"]
[Black "Khismatullin, Denis"]
[Result "1/2-1/2"]
[WhiteTitle "GM"]
[BlackTitle "GM"]
[WhiteElo "2730"]
[BlackElo "2632"]
[WhiteFideId "8601445"]
[BlackFideId "4142578"]
[EventDate "2017.12.26"]

1. Nf3 d5 2. d4 Nf6 3. c4 e6 4. Bg5 Nbd7 5. cxd5 exd5 6. Nc3 c6 7. e3 h6 8. Bh4
g5 9. Bg3 Nh5 10. Bd3 Nxg3 11. hxg3 Bg7 12. Qc2 Nb6 13. Nd2 Be6 14. Nb3 Qe7 15.
O-O-O O-O 16. Bh7+ Kh8 17. Bf5 Bxf5 18. Qxf5 Nc4 19. g4 Nd6 20. Qd3 a5 21. Nd2
a4 22. Rh5 a3 23. Rdh1 axb2+ 24. Kb1 Qf6 25. f4 Kg8 26. fxg5 Qg6 27. e4 dxe4 28.
Qe3 Ra3 29. Rxh6 Nb5 30. Rxg6 Nxc3+ 31. Kc2 fxg6 32. Nc4 b1=Q+ 33. Rxb1 Nxb1 34.
Nxa3 Nxa3+ 35. Qxa3 Bxd4 36. Qe7 Bg7 37. Qxe4 Kh7 38. Qe3 Ra8 39. Qh3+ Kg8 40.
Qb3+ Kh7 41. Kd3 b5 42. Kc2 Ra4 43. Qe6 c5 44. Kd1 c4 45. Qd6 Rxa2 46. Qh2+ Kg8
47. Qb8+ Kh7 48. Qh2+ 1/2-1/2

[Event "World Rapid 2017"]
[Site "Riyadh KSA"]
[Date "2017.12.27"]
[Round "6.15"]
[White "Van Foreest, Jorden"]
[Black "Harikrishna, Pentala"]
[Result "1/2-1/2"]
[WhiteTitle "GM"]
[BlackTitle "GM"]
[WhiteElo "2629"]
[BlackElo "2744"]
[WhiteFideId "1039784"]
[BlackFideId "5007003"]
[EventDate "2017.12.26"]

1. e4 e5 2. Nf3 Nc6 3. Bc4 Nf6 4. d3 Be7 5. O-O O-O 6. Re1 d6 7. a4 Na5 8. Ba2
c5 9. c3 Nc6 10. Na3 a6 11. Nc2 h6 12. Ne3 Re8 13. h3 Bf8 14. Nd5 Rb8 15. Be3
Be6 16. Nd2 Bxd5 17. exd5 Ne7 18. Qf3 Ng6 19. g3 b5 20. axb5 axb5 21. Bb1 Ra8
22. Bc2 Qd7 23. Kh2 Be7 24. Ne4 Nxe4 25. dxe4 Bg5 26. Bxg5 hxg5 27. Qe3 g4 28.
h4 Nf8 29. Bd3 Nh7 30. b3 Nf6 31. Qe2 Rxa1 32. Rxa1 Rb8 33. Ra6 c4 34. bxc4 bxc4
35. Bxc4 Qc7 36. Rc6 Qa5 37. Rxd6 Qxc3 38. Rxf6 gxf6 39. Qxg4+ Kf8 40. Qh5 Kg7
41. Qg4+ Kf8 42. Qh5 Kg7 43. Qg4+ 1/2-1/2

[Event "World Rapid 2017"]
[Site "Riyadh KSA"]
[Date "2017.12.27"]
[Round "6.18"]
[White "Demchenko, Anton"]
[Black "Korobov, Anton"]
[Result "0-1"]
[WhiteTitle "GM"]
[BlackTitle "GM"]
[WhiteElo "2660"]
[BlackElo "2652"]
[WhiteFideId "4160258"]
[BlackFideId "14105730"]
[EventDate "2017.12.26"]

1. e4 c5 2. Nf3 d6 3. Bb5+ Nc6 4. O-O Qb6 5. Nc3 e6 6. d4 cxd4 7. Nxd4 a6 8. Na4
Qc7 9. Bxc6+ bxc6 10. c4 Nf6 11. Re1 Be7 12. b3 O-O 13. Bb2 Bb7 14. Nf3 c5 15.
Qc2 Rfe8 16. Rad1 Nd7 17. Re3 Rad8 18. h3 Nb8 19. Qe2 Nc6 20. Qe1 Bf8 21. Nc3 f6
22. Ne2 Qf7 23. Nf4 Nd4 24. Nxd4 cxd4 25. Rg3 f5 26. exf5 Qxf5 27. Qd2 e5 28.
Nd5 Bxd5 29. cxd5 Rc8 30. Qa5 Rc5 31. Qa4 Rec8 32. Ba3 Rc3 33. Qxa6 Rxg3 34.
fxg3 Rc2 35. Qf1 Qxf1+ 36. Kxf1 Rxa2 37. Bc1 Be7 38. Bd2 Rb2 39. b4 e4 40. Be1
Bf6 41. g4 Kf7 42. Bg3 Be5 43. Be1 d3 44. Bf2 Rxb4 45. Be3 Rb5 46. Rc1 Rxd5 47.
Ke1 Rb5 0-1

[Event "World Rapid 2017"]
[Site "Riyadh KSA"]
[Date "2017.12.27"]
[Round "6.19"]
[White "Karjakin, Sergey"]
[Black "Vidit, Santosh Gujrathi"]
[Result "1-0"]
[WhiteTitle "GM"]
[BlackTitle "GM"]
[WhiteElo "2760"]
[BlackElo "2715"]
[WhiteFideId "14109603"]
[BlackFideId "5029465"]
[EventDate "2017.12.26"]

1. c4 e5 2. Nc3 Nf6 3. Nf3 Nc6 4. e3 Bb4 5. Qc2 d6 6. Ne2 a5 7. a3 Bc5 8. b3 O-O
9. Ng3 Re8 10. Bb2 Ba7 11. Be2 h6 12. O-O Be6 13. Bc3 Ne7 14. d4 exd4 15. Nxd4
Bd7 16. Qd2 Bb6 17. Rad1 Nc6 18. Nf3 Ne5 19. Qb2 Qe7 20. b4 axb4 21. axb4 c5 22.
h3 Rab8 23. b5 Rbd8 24. Rd2 Bc7 25. Rfd1 b6 26. Nh4 Be6 27. Nf3 Nxc4 28. Bxc4
Bxc4 29. Nf5 Qe6 30. Nxh6+ gxh6 31. Bxf6 Ra8 32. Bh8 f6 33. Bxf6 Rf8 34. Bc3 Rf7
35. e4 Raf8 36. Nh2 Qxe4 37. Ng4 Qg6 38. Qc1 h5 39. Rd5 Bxd5 40. Rxd5 Rf5 41.
Nh6+ Kh7 42. Nxf5 Rxf5 43. Qd1 Qf7 44. Rxf5 Qxf5 45. Qe2 Qb1+ 46. Kh2 d5+ 47. g3
d4 48. Bxd4 cxd4 49. Qe7+ Kg8 50. Qe8+ Kg7 51. Qd7+ Kf6 52. Qxc7 d3 53. Qxb6+
Ke5 54. Qc5+ Ke4 55. b6 Qb3 56. Qe3+ Kd5 57. b7 Kc6 58. b8=Q Qxb8 59. Qxd3 Qe5
60. Kg2 Kc7 61. g4 hxg4 62. hxg4 Qf4 63. Qg3 1-0

[Event "World Rapid 2017"]
[Site "Riyadh KSA"]
[Date "2017.12.27"]
[Round "6.20"]
[White "Yu, Yangyi"]
[Black "Sargissian, Gabriel"]
[Result "1/2-1/2"]
[WhiteTitle "GM"]
[BlackTitle "GM"]
[WhiteElo "2751"]
[BlackElo "2672"]
[WhiteFideId "8603820"]
[BlackFideId "13300881"]
[EventDate "2017.12.26"]

1. c4 e6 2. g3 d5 3. Bg2 Nf6 4. Nf3 Be7 5. O-O O-O 6. d4 c6 7. Qc2 b6 8. Nbd2
Bb7 9. b3 a5 10. Bb2 Na6 11. Rfd1 Rc8 12. Rac1 h6 13. Qb1 Rc7 14. Ne5 Nd7 15.
Ndf3 Nxe5 16. Nxe5 Bd6 17. e4 Qe7 18. f4 Rd8 19. Re1 Bxe5 20. dxe5 dxc4 21. Rxc4
Nb4 22. f5 Nd3 23. f6 Qf8 24. Rf1 Nxb2 25. fxg7 Qxg7 26. Qxb2 Ba6 27. Rd4 Rcd7
28. Rfd1 Qxe5 29. Rxd7 Qxb2 30. Rxd8+ Kg7 31. Bf1 Bxf1 32. Rxf1 Qxa2 33. Rd7
Qxb3 34. Rdxf7+ Kg8 35. Rf8+ Kg7 36. R1f7+ Kg6 37. Rf6+ Kg7 38. R8f7+ Kg8 39.
Kg2 a4 40. h4 h5 41. Rf8+ Kg7 42. R8f7+ Kg8 43. Rf8+ Kg7 44. R8f7+ Kg8 45. Rf8+ 1/2-1/2

[Event "World Rapid 2017"]
[Site "Riyadh KSA"]
[Date "2017.12.27"]
[Round "6.21"]
[White "Adhiban, Baskaran"]
[Black "Le, Quang Liem"]
[Result "0-1"]
[WhiteTitle "GM"]
[BlackTitle "GM"]
[WhiteElo "2655"]
[BlackElo "2737"]
[WhiteFideId "5018471"]
[BlackFideId "12401137"]
[EventDate "2017.12.26"]

1. e4 e5 2. Bc4 Nf6 3. d3 Nc6 4. Nc3 Na5 5. Qf3 Nxc4 6. dxc4 d6 7. h3 Be7 8.
Nge2 O-O 9. O-O Be6 10. b3 Nd7 11. Ng3 Bg5 12. Be3 g6 13. Rad1 b6 14. Nb5 Bxe3
15. Qxe3 a6 16. Nc3 b5 17. cxb5 axb5 18. Nxb5 Rxa2 19. Rd2 Qb8 20. Nc3 Ra5 21.
Qh6 f6 22. Kh2 Qb4 23. Rd3 Rc5 24. Nge2 f5 25. Rg3 Rf6 26. f4 fxe4 27. Ra1 Qb7
28. Ra4 Bf5 29. Qh4 Rf8 30. fxe5 Rxe5 31. Nd4 Nc5 32. Ra1 Bd7 33. Qh6 Rf7 34.
Nce2 Qb8 35. Nf4 Qf8 36. Ra8 Be8 37. Nxg6 Qxh6 38. Nxe5+ Kf8 39. Nxf7 Kxf7 40.
Rc8 Ne6 41. Nxe6 Qxe6 42. Rxc7+ Bd7 43. b4 Ke8 44. Rcc3 d5 45. Rce3 d4 46. Re1
Qe5 47. Ra1 h5 48. Ra5 Bb5 49. Ra8+ Kd7 50. Ra7+ Kc8 51. h4 e3 52. Ra8+ Kb7 53.
Rg8 e2 54. Rg7+ Kc8 55. Rg8+ Kc7 56. c3 d3 57. Rg7+ Bd7 0-1

[Event "World Rapid 2017"]
[Site "Riyadh KSA"]
[Date "2017.12.27"]
[Round "6.22"]
[White "Ponomariov, Ruslan"]
[Black "Pantsulaia, Levan"]
[Result "0-1"]
[WhiteTitle "GM"]
[BlackTitle "GM"]
[WhiteElo "2694"]
[BlackElo "2612"]
[WhiteFideId "14103320"]
[BlackFideId "13602071"]
[EventDate "2017.12.26"]

1. e4 c6 2. d4 d5 3. e5 Bf5 4. Nd2 e6 5. Nb3 Nd7 6. Nf3 Bg6 7. Bd2 Nh6 8. c4
dxc4 9. Bxc4 Nb6 10. Be2 Nd5 11. O-O a5 12. Rc1 Qb6 13. Bxh6 gxh6 14. Nfd2 a4
15. Nc4 Qa7 16. Nc5 b6 17. Nd3 b5 18. Nd6+ Bxd6 19. exd6 Qxd4 20. Rxc6 O-O 21.
Qd2 Rac8 22. Rxc8 Rxc8 23. Qa5 Nf6 24. Qxb5 Qxd6 25. Rd1 a3 26. Ne5 Nd5 27. Nc4
Qf4 28. g3 Rb8 29. gxf4 Rxb5 30. Rd2 Nxf4 31. b3 Rg5+ 32. Kf1 Bf5 33. f3 Bh3+
34. Kf2 Rg2+ 35. Ke3 Nd5+ 36. Kd4 Rxh2 37. Nxa3 Bf1 38. Nc4 Rxe2 39. a4 h5 40.
Rd1 Bg2 41. Ra1 h4 42. a5 h3 43. a6 Nc7 44. a7 Bxf3 0-1

[Event "World Rapid 2017"]
[Site "Riyadh KSA"]
[Date "2017.12.27"]
[Round "6.23"]
[White "Riazantsev, Alexander"]
[Black "Dreev, Aleksey"]
[Result "1/2-1/2"]
[WhiteTitle "GM"]
[BlackTitle "GM"]
[WhiteElo "2650"]
[BlackElo "2653"]
[WhiteFideId "4125029"]
[BlackFideId "4100107"]
[EventDate "2017.12.26"]

1. d4 d5 2. c4 c6 3. Nf3 Nf6 4. Nc3 e6 5. e3 Nbd7 6. Qc2 b6 7. Bd3 Bb7 8. O-O
Be7 9. b3 Qc7 10. Bb2 Rd8 11. Rac1 Qb8 12. Rfd1 h6 13. Qe2 O-O 14. e4 dxe4 15.
Nxe4 c5 16. dxc5 bxc5 17. h3 Qc7 18. Bb1 Rfe8 19. Qe3 Nxe4 20. Bxe4 Bxe4 21.
Qxe4 Bf6 22. Bxf6 Nxf6 23. Qe5 Qc6 24. Qe3 Rd6 25. Ne5 Qc7 26. Rxd6 Qxd6 27. Nd3
Rc8 28. Rd1 Rc7 29. Nb2 Qf8 30. Qe5 Qc8 31. Na4 Rc6 32. Rd3 Qc7 33. Qe3 Ne8 34.
Qd2 Nf6 35. Rd8+ Kh7 36. Qd3+ g6 37. Qd2 Kg7 38. Rd3 Qe5 39. Nc3 g5 40. Rd8 a6
41. Qe3 Qxe3 42. fxe3 h5 43. Kf2 Rc7 44. Rd6 Rd7 45. Rxd7 Nxd7 46. Ne4 Kg6 47.
a3 f5 48. Nd6 Kf6 49. Ke2 h4 50. b4 Ke7 51. Nb7 cxb4 52. axb4 Ne5 53. Na5 Kd7
54. b5 axb5 55. cxb5 Kc7 56. Nb3 Nd7 57. Nd4 Kd6 58. Nf3 g4 59. hxg4 fxg4 60.
Nxh4 Kc5 61. Ng6 Kxb5 62. Nf4 Nc5 63. Nh5 Kc4 64. Nf6 g3 65. Kf3 Kd3 66. Nh5 e5
67. Nxg3 e4+ 68. Kf2 Kd2 69. Nf1+ Kd3 70. g4 Ne6 71. Ng3 Ng5 72. Nf5 Kc4 73. Kg3
Kd5 74. Kh4 Nf3+ 75. Kh5 Ke5 76. Ng3 Nd2 77. g5 Nc4 78. g6 Nxe3 79. g7 Nd5 80.
Kg6 e3 81. Ne2 Ne7+ 82. Kh7 Ke4 83. g8=Q Nxg8 84. Kxg8 Kf3 85. Nc3 1/2-1/2

[Event "World Rapid 2017"]
[Site "Riyadh KSA"]
[Date "2017.12.27"]
[Round "6.24"]
[White "Moiseenko, Alexander"]
[Black "Petrosian, Tigran L."]
[Result "0-1"]
[WhiteTitle "GM"]
[BlackTitle "GM"]
[WhiteElo "2667"]
[BlackElo "2601"]
[WhiteFideId "14102560"]
[BlackFideId "13301616"]
[EventDate "2017.12.26"]

1. d4 g6 2. e4 Bg7 3. Nc3 a6 4. Be3 b5 5. Nf3 Bb7 6. Bd3 d6 7. e5 Nd7 8. e6 fxe6
9. Ng5 Nf8 10. O-O Nf6 11. Re1 h6 12. Nf3 g5 13. Bd2 Qd7 14. h3 Kf7 15. a4 b4
16. Ne4 Nxe4 17. Bxe4 Bxe4 18. Rxe4 Bf6 19. Bxb4 Rb8 20. Bc3 Qc6 21. Qe2 Ng6 22.
Re1 Qd5 23. Qxa6 Ra8 24. Qd3 Rxa4 25. b3 Ra2 26. Bd2 Nf8 27. c4 Qf5 28. b4 Nd7
29. d5 e5 30. c5 Rha8 31. g4 Qh7 32. Qb5 Nf8 33. Kg2 R8a3 34. Bc1 Rc3 35. Qb8
Rxc1 36. Qxc7 Rxe1 37. Rxe1 Qc2 38. Rf1 e4 39. Ne1 Qe2 40. cxd6 Ng6 41. d7 Nf4+
42. Qxf4 gxf4 43. d8=Q f3+ 44. Kg1 e3 45. Qb6 exf2+ 46. Qxf2 Bd4 0-1

[Event "World Rapid 2017"]
[Site "Riyadh KSA"]
[Date "2017.12.27"]
[Round "6.25"]
[White "Amonatov, Farrukh"]
[Black "Rakhmanov, Aleksandr"]
[Result "1-0"]
[WhiteTitle "GM"]
[BlackTitle "GM"]
[WhiteElo "2636"]
[BlackElo "2653"]
[WhiteFideId "14700077"]
[BlackFideId "4173708"]
[EventDate "2017.12.26"]

1. e4 c5 2. Nc3 Nc6 3. Bb5 Nd4 4. Nf3 g6 5. O-O Bg7 6. Nxd4 cxd4 7. Ne2 a6 8.
Bc4 e6 9. c3 dxc3 10. dxc3 Ne7 11. Qd6 b5 12. Bb3 Bb7 13. f3 Nc8 14. Qd3 Nb6 15.
Be3 d5 16. Rad1 Nc4 17. Bxc4 dxc4 18. Qxd8+ Rxd8 19. Bc5 e5 20. b3 Rc8 21. Bd6
f6 22. f4 h5 23. Bb4 Rc6 24. bxc4 bxc4 25. Rd2 Bc8 26. h3 h4 27. a4 Bh6 28. Rd5
Bg7 29. a5 Be6 30. Rd2 Bh6 31. Rdd1 Bg7 32. Rd2 g5 33. f5 Bd7 34. Rfd1 Rc7 35.
Rd6 Bb5 36. Rb6 Kf7 37. Kf2 Ra8 38. Ng1 Raa7 39. Nf3 Rd7 40. Rd5 Rac7 41. Nh2
Ra7 42. Ng4 Rac7 43. Bd6 Rb7 44. Bxe5 fxe5 45. f6 Rxd5 46. Rxb7+ Rd7 47. Nxe5+
Kxf6 48. Nxd7+ Kg6 49. e5 Ba4 50. Nc5 Be8 51. Rxg7+ 1-0

[Event "World Rapid 2017"]
[Site "Riyadh KSA"]
[Date "2017.12.27"]
[Round "6.26"]
[White "Bacrot, Etienne"]
[Black "Li, Chao b"]
[Result "1/2-1/2"]
[WhiteTitle "GM"]
[BlackTitle "GM"]
[WhiteElo "2725"]
[BlackElo "2732"]
[WhiteFideId "605506"]
[BlackFideId "8604436"]
[EventDate "2017.12.26"]

1. e4 e5 2. Nf3 Nf6 3. Nxe5 d6 4. Nf3 Nxe4 5. d4 d5 6. Bd3 Be7 7. O-O O-O 8.
Nbd2 Nd6 9. c3 Bf5 10. Bc2 Nd7 11. Re1 Re8 12. Ne5 Bxc2 13. Qxc2 Bf8 14. Nf1 f6
15. Nd3 Rxe1 16. Nxe1 Qe8 17. Bf4 c6 18. Qb3 Nb6 19. Nd3 Qf7 20. Re1 Re8 21.
Rxe8 Qxe8 22. Qc2 Qe4 23. Ng3 Qe8 24. Nf1 Qe4 25. Ng3 Qe8 1/2-1/2

[Event "World Rapid 2017"]
[Site "Riyadh KSA"]
[Date "2017.12.27"]
[Round "6.27"]
[White "Malakhov, Vladimir"]
[Black "Esipenko, Andrey"]
[Result "0-1"]
[WhiteTitle "GM"]
[BlackTitle "FM"]
[WhiteElo "2686"]
[BlackElo "2564"]
[WhiteFideId "4120787"]
[BlackFideId "24175439"]
[EventDate "2017.12.26"]

1. e4 c6 2. d4 d5 3. exd5 cxd5 4. Bd3 Nc6 5. c3 Nf6 6. h3 g6 7. Nf3 Bf5 8. Bxf5
gxf5 9. Bf4 e6 10. Ne5 Rg8 11. O-O Bd6 12. Nd2 Qc7 13. Re1 O-O-O 14. Rc1 Bxe5
15. Rxe5 Qd7 16. Re1 Rg6 17. c4 Rdg8 18. g3 b6 19. Nf3 Kb7 20. Ne5 Nxe5 21. dxe5
Ne4 22. cxd5 Qxd5 23. Qxd5+ exd5 24. Red1 Rd8 25. Rd4 Rc6 26. Rxc6 Kxc6 27. Kg2
Rc8 28. Be3 Rg8 29. a4 Re8 30. b4 Rxe5 31. b5+ Kd6 32. Bf4 f6 33. Rd3 Nc5 34.
Rd2 Ke6 35. Bxe5 fxe5 36. Kf3 d4 37. g4 Kf6 38. Ra2 e4+ 39. Ke2 f4 40. a5 Ke5
41. axb6 axb6 42. Ra6 d3+ 43. Ke1 e3 44. fxe3 fxe3 45. Rxb6 Ne4 46. Rc6 Nf2 0-1